Pakistan Cricketers Who Have Played 60 Tests - Statistics

General Stats
  • This quiz has been taken 394 times
  • The average score is 9 of 17
Answer Stats
tests years player % Correct
104 1985-2002 Wasim Akram
90%
88 1971-1992 Imran Khan
87%
108 2000-2016 Younis Khan
85%
119 1992-2007 Inzamam-ul-Haq
82%
123 1976-1993 Javed Miandad
81%
87 1989-2003 Waqar Younis
72%
90 1998-2010 Mohammad Yousuf
71%
65 2001-2016 Misbah-ul-Haq
66%
103 1982-1999 Saleem Malik
53%
78 1969-1985 Zaheer Abbas
49%
67 1977-1990 Abdul Qadir
48%
60 1987-2001 Ijaz Ahmed
38%
69 1990-2004 Moin Khan
37%
81 1967-1984 Wasim Bari
22%
63 1964-1983 Majid Khan
19%
76 1976-1989 Mudassar Nazar
16%
61 2000-2010 Danish Kaneira
12%
No matching quizzes found
Score Distribution
Percent of People with Each Score
Percentile by Number Answered
Your Score History
You have not taken this quiz